000 00751nab a2200229 u 4500
001 08817
003 HDC
007 cr bn ---aaaaa
008 210131c mydr|nes 0 a may d
040 _aHDC
245 0 _aJakim keluar sijil halal kepada 6 pengeluar kuih bulan
260 _aKuala Lumpur :
_bUtusan Malaysia,
_c2012
336 _atext
_2rdacontent
337 _acomputer
_2rdamedia
338 _aonline resource
_2rdacarrier
650 _aHalal certification
_9753
650 _aHalal industry
_9144
856 _zRequest full-text at [email protected]
942 _2lcc
942 _cNEWS
942 _kNWSC 002906
999 _c6140
_d6140